Emoji Quiz #48 - Statistics

General Stats
  • This quiz has been taken 9 times
  • The average score is 14 of 25
Answer Stats
Hint Answer % Correct
🆒 {COOL} button
100%
fast-{forward} button
100%
🆓 {FREE} button
100%
🆕 {NEW} button
100%
🆗 {OK} button
100%
⏸️ {pause} button
100%
🆙 {UP}! button
100%
🔢 input {numbers}
86%
🆖 {NG} button
86%
▶️ {play} button
86%
⏺️ {record}
86%
⏹️ {stop}
86%
⏯️ {play} or {pause} button
71%
🔁 {repeat} button
71%
🔀 {shuffle} tracks button
71%
⏮️ {last} track button
29%
⏭️ {next} track button
29%
fast {down} button
14%
fast {up} button
14%
◀️ {reverse} button
14%
🔽 {downwards} button
0%
fast {reverse} button
0%
🈁 Japanese "{here"} button
0%
🔂 repeat {single} button
0%
🔼 {upwards} button
0%
No matching quizzes found
Score Distribution
Percent of People with Each Score
Percentile by Number Answered
Your Score History
You have not taken this quiz